<?xml version="1.0" encoding="UTF-8"?>
<record
    xmlns:xsi="http://www.w3.org/2001/XMLSchema-instance"
    xsi:schemaLocation="http://www.loc.gov/MARC21/slim http://www.loc.gov/standards/marcxml/schema/MARC21slim.xsd"
    xmlns="http://www.loc.gov/MARC21/slim">

  <leader>01585nam a22002777a 4500</leader>
  <controlfield tag="001">000348</controlfield>
  <controlfield tag="003">DO-SdBNP</controlfield>
  <controlfield tag="005">20171109093812.0</controlfield>
  <controlfield tag="007">000348</controlfield>
  <controlfield tag="008">160704b  2007 nyu       xxu||||| |||| 00| 0 spa d</controlfield>
  <datafield tag="020" ind1=" " ind2=" ">
    <subfield code="a">9781594201318 </subfield>
  </datafield>
  <datafield tag="040" ind1=" " ind2=" ">
    <subfield code="a">BPMSU</subfield>
    <subfield code="b">spa</subfield>
    <subfield code="c">BPMSU</subfield>
  </datafield>
  <datafield tag="082" ind1=" " ind2="4">
    <subfield code="a">330.0922 </subfield>
    <subfield code="b">G815a</subfield>
  </datafield>
  <datafield tag="100" ind1="1" ind2=" ">
    <subfield code="a">Greenspan,   Alan, </subfield>
    <subfield code="d">1926-</subfield>
  </datafield>
  <datafield tag="245" ind1="1" ind2="0">
    <subfield code="a">The age of turbulence :</subfield>
    <subfield code="b">adventures in a new world /</subfield>
    <subfield code="c">Alan Greenspan.</subfield>
  </datafield>
  <datafield tag="260" ind1="0" ind2=" ">
    <subfield code="a">New York : </subfield>
    <subfield code="b">Penguin Books, </subfield>
    <subfield code="c">2007.</subfield>
  </datafield>
  <datafield tag="300" ind1=" " ind2=" ">
    <subfield code="a">531 p. : </subfield>
    <subfield code="b">il. ;</subfield>
    <subfield code="c">25 cm. </subfield>
  </datafield>
  <datafield tag="505" ind1="0" ind2=" ">
    <subfield code="t">City kid --</subfield>
    <subfield code="t">The making of an economist --</subfield>
    <subfield code="t">Economics meets politics --</subfield>
    <subfield code="t">Private citizen --</subfield>
    <subfield code="t">Black Monday --</subfield>
    <subfield code="t">The fall of the wall --</subfield>
    <subfield code="t">A Democrat's agenda --</subfield>
    <subfield code="t">Irrational exuberance --</subfield>
    <subfield code="t">Millennium fever --</subfield>
    <subfield code="t">Downturn --</subfield>
    <subfield code="t">The nation challenged --</subfield>
    <subfield code="t">The universals of economic growth --</subfield>
    <subfield code="t">The modes of capitalism --</subfield>
    <subfield code="t">The choices that await China --</subfield>
    <subfield code="t">The tigers and the elephant --</subfield>
    <subfield code="t">Russia's sharp elbows --</subfield>
    <subfield code="t">Latin America and populism --</subfield>
    <subfield code="t">Current accounts and debt --</subfield>
    <subfield code="t">Globalization and regulation --</subfield>
    <subfield code="t">The "conundrum" --</subfield>
    <subfield code="t">Education and income inequality --</subfield>
    <subfield code="t">The world retires. But can it afford to? --</subfield>
    <subfield code="t">Corporate governance --</subfield>
    <subfield code="t">The long-term energy squeeze --</subfield>
    <subfield code="t">The Delphic future --</subfield>
    <subfield code="t">Acknowledgments --</subfield>
    <subfield code="t">A note on sources.</subfield>
  </datafield>
  <datafield tag="600" ind1=" " ind2=" ">
    <subfield code="a">GREENSPAN,   ALAN</subfield>
    <subfield code="d">1926-</subfield>
  </datafield>
  <datafield tag="650" ind1=" " ind2="4">
    <subfield code="a">ECONOMISTAS NORTEAMERICANOS</subfield>
    <subfield code="x">BIOGRAF&#xCD;AS</subfield>
  </datafield>
  <datafield tag="651" ind1=" " ind2="4">
    <subfield code="a">ESTADOS UNIDOS </subfield>
    <subfield code="x">CONDICIONES ECON&#xD3;MICAS</subfield>
    <subfield code="y">1945-</subfield>
  </datafield>
  <datafield tag="910" ind1=" " ind2=" ">
    <subfield code="a">Validado. Control de calidad MFF</subfield>
  </datafield>
  <datafield tag="942" ind1=" " ind2=" ">
    <subfield code="2">ddc</subfield>
    <subfield code="c">BK</subfield>
  </datafield>
  <datafield tag="945" ind1=" " ind2=" ">
    <subfield code="a">Inventariado, 2017/MFF</subfield>
  </datafield>
  <datafield tag="952" ind1=" " ind2=" ">
    <subfield code="0">0</subfield>
    <subfield code="1">0</subfield>
    <subfield code="2">ddc</subfield>
    <subfield code="4">0</subfield>
    <subfield code="7">0</subfield>
    <subfield code="8">CG</subfield>
    <subfield code="a">BPMET</subfield>
    <subfield code="b">BPMET</subfield>
    <subfield code="d">2016-07-04</subfield>
    <subfield code="e">Roberto Antonio F&#xE9;rnandez</subfield>
    <subfield code="l">0</subfield>
    <subfield code="o">330.0922  G815a</subfield>
    <subfield code="p">BPMSU16070054</subfield>
    <subfield code="r">2016-07-04</subfield>
    <subfield code="w">2016-07-04</subfield>
    <subfield code="y">BK</subfield>
  </datafield>
  <datafield tag="956" ind1=" " ind2=" ">
    <subfield code="2">LOPEREZ</subfield>
    <subfield code="3">10</subfield>
    <subfield code="6">20160704</subfield>
    <subfield code="8">BPMSU</subfield>
    <subfield code="a">00041</subfield>
  </datafield>
  <datafield tag="999" ind1=" " ind2=" ">
    <subfield code="c">10672</subfield>
    <subfield code="d">10672</subfield>
  </datafield>
</record>
